|
|
|
|
| LEADER |
02604nam a22005415i 4500 |
| 001 |
978-3-540-88405-7 |
| 003 |
DE-He213 |
| 005 |
20151204185859.0 |
| 007 |
cr nn 008mamaa |
| 008 |
100301s2009 gw | s |||| 0|eng d |
| 020 |
|
|
|a 9783540884057
|9 978-3-540-88405-7
|
| 024 |
7 |
|
|a 10.1007/978-3-540-88405-7
|2 doi
|
| 040 |
|
|
|d GrThAP
|
| 050 |
|
4 |
|a QC801-809
|
| 072 |
|
7 |
|a PHVG
|2 bicssc
|
| 072 |
|
7 |
|a SCI032000
|2 bisacsh
|
| 082 |
0 |
4 |
|a 550
|2 23
|
| 082 |
0 |
4 |
|a 526.1
|2 23
|
| 245 |
1 |
0 |
|a Groundwater Geophysics
|h [electronic resource] :
|b A Tool for Hydrogeology /
|c edited by Reinhard Kirsch.
|
| 250 |
|
|
|a Second Edition.
|
| 264 |
|
1 |
|a Berlin, Heidelberg :
|b Springer Berlin Heidelberg,
|c 2009.
|
| 300 |
|
|
|a XX, 548 p. 333 illus., 16 illus. in color.
|b online resource.
|
| 336 |
|
|
|a text
|b txt
|2 rdacontent
|
| 337 |
|
|
|a computer
|b c
|2 rdamedia
|
| 338 |
|
|
|a online resource
|b cr
|2 rdacarrier
|
| 347 |
|
|
|a text file
|b PDF
|2 rda
|
| 505 |
0 |
|
|a Petrophysical properties of permeable and lowpermeable rocks -- Seismic methods -- Geoelectrical methods -- Complex conductivity measurements -- Electromagnetic methods – frequency domain -- The transient electromagnetic method -- Ground penetrating radar -- Magnetic resonance sounding -- Magnetic, geothermal, and radioactivity methods -- Radiomagnetotellurics -- Microgravimetry -- Direct push-technologies -- Vertical flows in groundwater monitoring wells -- Aquifer structures – pore aquifers -- Aquifer structures: fracture zones and caves -- Groundwater quality - saltwater intrusions -- Geophysical characterisation of aquifers -- Groundwater protection: vulnerability of aquifers -- Groundwater protection: mapping of contaminations.
|
| 650 |
|
0 |
|a Earth sciences.
|
| 650 |
|
0 |
|a Hydrology.
|
| 650 |
|
0 |
|a Geophysics.
|
| 650 |
|
0 |
|a Hydrogeology.
|
| 650 |
|
0 |
|a Geotechnical engineering.
|
| 650 |
|
0 |
|a Waste management.
|
| 650 |
|
0 |
|a Water pollution.
|
| 650 |
1 |
4 |
|a Earth Sciences.
|
| 650 |
2 |
4 |
|a Geophysics/Geodesy.
|
| 650 |
2 |
4 |
|a Hydrology/Water Resources.
|
| 650 |
2 |
4 |
|a Hydrogeology.
|
| 650 |
2 |
4 |
|a Waste Water Technology / Water Pollution Control / Water Management / Aquatic Pollution.
|
| 650 |
2 |
4 |
|a Waste Management/Waste Technology.
|
| 650 |
2 |
4 |
|a Geotechnical Engineering & Applied Earth Sciences.
|
| 700 |
1 |
|
|a Kirsch, Reinhard.
|e editor.
|
| 710 |
2 |
|
|a SpringerLink (Online service)
|
| 773 |
0 |
|
|t Springer eBooks
|
| 776 |
0 |
8 |
|i Printed edition:
|z 9783540884040
|
| 856 |
4 |
0 |
|u http://dx.doi.org/10.1007/978-3-540-88405-7
|z Full Text via HEAL-Link
|
| 912 |
|
|
|a ZDB-2-EES
|
| 950 |
|
|
|a Earth and Environmental Science (Springer-11646)
|